000 00935nam a2200229 i 4500
001 182413
003 ES-MaACL
005 20230906221612.0
008 130809s2002 sp | |||| ||glg
080 _a75 Pena, Ricardo (083.824)
100 1 _aPena, Ricardo.
_9153220
245 1 5 _aUnha vida chea de paisaxes
_b: exposición retrospectiva : óleos e acuarelas : Centro Cultural Torrente Ballester, Ferrol, Nadal 2002 /
_cRicardo Pena ; [textos, Xosé M. Pena Cagigao ... et al.].
260 _a[A Coruña] :
_bDiputación Provincial de A Coruña,
_c[2002]
300 _a[64] p. :
_bprincipalmente il. col. y n. ;
_c30 cm.
600 1 4 _aPena, Ricardo-
_vExposiciones.
_9153221
655 7 _2tgfbne
_9193628
_aCatálogos de exposiciones
700 1 _aPena Cagigao, Xosé M.
_9153222
710 2 1 _aCentro Cultural Torrente Ballester.
_92792
852 _aES-MaACL
_j2323-F-25
942 _2udc
999 _c182413
_d182413